000 00727nas a2200265 4500
001 BR0201682
003 BR-BrBNA
005 20231205102833.0
007 ta
008 230509b bl.|||p| |||| 00| 00por d
040 _aBR-BrBNA
_bpor
_cBiblioteca Nacional de Agricultura
041 _a(Pt)
072 _aL73
100 1 _aBegon, D.
100 1 _aCheuiche, A.J. de V.
245 1 _aBroncopneumopatia infecciosa em cão dobermann
650 _aCÃO
650 _aPNEUMONIA
650 _aPULMÃO
650 _aVÍRUS
650 _aLESÃO
773 0 _tHora Veterinária (Brazil)
_xISSN 0101-9163
_g(Mar-Apr 2001), v. 20(120) p. 64-65
_wBR0201682
909 _a202311
_bLúcia
_c55
_dLúcia Elande
942 _2AGRIS
_n0
_cANA
999 _c169609
_d169609